| 000 | 01593pam a22003854a 4500 | ||
|---|---|---|---|
| 001 | 5570545 | ||
| 003 | OSt | ||
| 005 | 20211012123745.0 | ||
| 008 | 050817s2007 iaua b 001 0 eng | ||
| 010 | _a 2005023850 | ||
| 020 | _a9780070648142 | ||
| 024 | 3 | _a9780072963052 | |
| 035 | _a(OCoLC)ocm61309313 | ||
| 035 | _a(NNC)5570545 | ||
| 038 | _akhadija | ||
| 040 |
_aDLC _cDLC _dBAKER _dC#P _dOrLoB-B |
||
| 042 | _apcc | ||
| 050 | 0 | 0 |
_aTJ163.12 _b.H57 2008 |
| 082 | 0 | 0 |
_a621 _222 _bALC |
| 100 | 1 |
_aAlciatore, David G. _983061 |
|
| 245 | 1 | 0 |
_aIntroduction to Mechatronics and Measurement Systems / _cDavid G. Alciatore, Michael B. Histand. |
| 250 | _a3rd ed. | ||
| 260 |
_aDubuque, IA : _bMcGraw-Hill, _cc2007. |
||
| 300 |
_axxiii, 509 p. : _bill. ; _c24 cm. |
||
| 504 | _aIncludes bibliographical references and index. | ||
| 505 | 0 | 0 |
_gCh. 1. _tIntroduction -- _gCh. 2. _tElectric circuits and components -- _gCh. 3. _tSemiconductor electronics -- _gCh. 4. _tSystem response -- _gCh. 5. _tAnalog signal processing using operational amplifiers -- _gCh. 6. _tDigital circuits -- _gCh. 7. _tMicrocontroller programming and interfacing -- _gCh. 8. _tData acquisition -- _gCh. 9. _tSensors -- _gCh. 10. _tActuators -- _gCh. 11. _tMechatronic systems - control architectures and case studies. |
| 563 | _aPB | ||
| 650 | 0 |
_aMechatronics. _935774 |
|
| 650 | 0 |
_aMeasurement. _935886 |
|
| 700 | 1 |
_aHistand, Michael B. _983062 |
|
| 856 | 4 | 1 |
_3Table of contents _uhttp://www.loc.gov/catdir/toc/ecip0517/2005023850.html |
| 900 | _bTOC | ||
| 942 |
_2ddc _cBK |
||
| 948 | 1 |
_a20060308 _bc _crad1 _dMPS |
|
| 999 |
_c31939 _d31939 |
||